000 00322nam a2200133Ia 4500
005 20260328104344.0
008 260328s9999||||xx |||||||||||||| ||und||
100 _aRojas, Edward
245 0 _aUna Bandada de Ángeles /
_cEdward Rojas
260 _bZuramérica
300 _a149 p.
650 _aARQUITECTOS
942 _cBK
999 _c12257
_d12257